| 000 | 01137nam a2200265 i 4500 | ||
|---|---|---|---|
| 001 | 181968 | ||
| 003 | ES-MaACL | ||
| 005 | 20250704062532.0 | ||
| 008 | 130510s1853 fr |||| | fre d | ||
| 100 | 1 |
_aDumas, Alexandre, _d1802-1870 _eaut _9241135 |
|
| 245 | 1 | 3 |
_aLa reine Margot _b: drame en cinq actes et treize tableaux / _cpar MM. Alex. Dumas et A. Maquet,.... [Suivi de] Jean le postillon : monologue sur la chanson de F. Bérat / par MM. Carmouche et Paul Vermond... |
| 260 |
_aParis : _bMichel Lévy, _c[1853] |
||
| 300 |
_a44, 4 p. : _bil. ; _c30 cm. |
||
| 490 | 1 |
_aThéâtre contemporain illustré ; _v14e et 15e livraisons |
|
| 594 | _aEjemplar sin portada, titulo y autores tomados del principio del texto. | ||
| 596 | _aFecha de B.N. F. | ||
| 700 | 0 |
_aMaquet, Auguste. _976282 |
|
| 700 | 1 |
_aCarmouche, Pierre-Frédéric-Adolphe. _9126343 |
|
| 700 | 1 |
_aVermond, Paul. _9133642 |
|
| 740 | 0 | _aJean le postillon. | |
| 830 | 0 |
_aThéâtre contemporain illustré ; _v14e et 15e livraisons _9191707 |
|
| 852 |
_aES-MaACL _jR-1708(8) _z.- Enc. en un vol. facticio |
||
| 942 | _2udc | ||
| 999 |
_c181968 _d181968 |
||